000 00402pab a2200157 454500
008 180718b2009 xxu||||| |||| 00| 0 eng d
100 _aCohn, Margit
245 _aJudicial review of non-statutory executive powers after Bancoult: a unified anxious model
260 _c2009
300 _ap.260-86.
362 _aApr
650 _aJudiciary
773 _aPublic Law
908 _aN
909 _a83362
999 _c83362
_d83362